000 00554nam a2200229Ia 4500
003 IT-RoPAU
008 120407s9999 xx 000 0 und d
040 _aIT-RoPAU
040 _cIT-RoPAU
041 _aita
100 _aMaria Marcellina Pedico
245 _a"La domenica mariana prenatalizia Note storiche - eucologia attuale"
250 _aRovigo
260 _aCentro Mariano SMR
260 _c1979
300 _a80 p.
300 _c19,5 cm
490 _aQuaderni di spiritualità mariana
490 _v1
942 _cBK
999 _c36833
_d36833